Every City in Tibet - Statistics

General Stats
  • This quiz has been taken 26 times
  • The average score is 3 of 6
Answer Stats
Answer % Correct
Lhasa
100%
Chamdo
55%
Nyingchi
45%
Shannan
40%
Nagqu
35%
Shigatse
35%
No matching quizzes found
Score Distribution
Percent of People with Each Score
Percentile by Number Answered
Your Score History
You have not taken this quiz